000 00445nam a2200133 4500
999 _c512362
_d512362
008 191119b ||||| |||| 00| 0 eng d
100 _aKonar, Rajdeep
_913528
245 _aSukracharjya Rabha (1977-2018): Empowering community through theatre in Assam
260 _bEconomic and Political Weekly
300 _a54(42), 19 Oct, 2019: p.32-36.
773 _aEconomic and Political Weekly
906 _aTheatre - India - Assam
942 _2ddc
_cAR